Statistics for Presidents of Taiwan (Republic of China)

Click here to take the quiz!

General Stats

  • This quiz has been taken 37 times
  • The average score is 6 of 7

Answer Stats

HintAnswer% Correct
1949-75Chiang Kai-shek
100%
1978-88Chiang Ching-kuo
94%
2008-16Ma Ying-jeou
90%
2000-08Chen Shui-bian
87%
2016-24Tsai Ying-wen
87%
1988-2000Lee Tung-hui
84%
1975-78Yen Chia-kan
52%

Score Distribution

Percentile by Number Answered

Percent of People with Each Score

Your Score History

You have not taken this quiz